<?xml version="1.0" encoding="UTF-8"?><?xml-stylesheet type="text/xsl" href="static/style.xsl"?><OAI-PMH xmlns="http://www.openarchives.org/OAI/2.0/" xmlns:xsi="http://www.w3.org/2001/XMLSchema-instance" xsi:schemaLocation="http://www.openarchives.org/OAI/2.0/ http://www.openarchives.org/OAI/2.0/OAI-PMH.xsd"><responseDate>2026-04-14T19:38:25Z</responseDate><request verb="GetRecord" identifier="oai:uvadoc.uva.es:10324/875" metadataPrefix="marc">https://uvadoc.uva.es/oai/request</request><GetRecord><record><header><identifier>oai:uvadoc.uva.es:10324/875</identifier><datestamp>2021-07-02T07:06:32Z</datestamp><setSpec>com_10324_799</setSpec><setSpec>col_10324_800</setSpec></header><metadata><record xmlns="http://www.loc.gov/MARC21/slim" xmlns:doc="http://www.lyncode.com/xoai" xmlns:xsi="http://www.w3.org/2001/XMLSchema-instance" xmlns:dcterms="http://purl.org/dc/terms/" xsi:schemaLocation="http://www.loc.gov/MARC21/slim http://www.loc.gov/standards/marcxml/schema/MARC21slim.xsd">
<leader>00925njm 22002777a 4500</leader>
<datafield tag="042" ind1=" " ind2=" ">
<subfield code="a">dc</subfield>
</datafield>
<datafield tag="720" ind1=" " ind2=" ">
<subfield code="a">Fuente Arrimadas, Nicolás de la</subfield>
<subfield code="e">author</subfield>
</datafield>
<datafield tag="260" ind1=" " ind2=" ">
<subfield code="c">1889</subfield>
</datafield>
<datafield tag="024" ind2=" " ind1="8">
<subfield code="a">http://uvadoc.uva.es/handle/10324/875</subfield>
</datafield>
<datafield tag="024" ind2=" " ind1="8">
<subfield code="a">b1267147</subfield>
</datafield>
<datafield ind1=" " ind2=" " tag="653">
<subfield code="a">Educacion-Derecho-España-Legislación</subfield>
</datafield>
<datafield ind1=" " ind2=" " tag="653">
<subfield code="a">Discursos Universitarios-España-Valladolid</subfield>
</datafield>
<datafield tag="245" ind1="0" ind2="0">
<subfield code="a">Principios que han de informar una ley de instrucción pública : discurso inaugural leido en la Universidad Literaria de Valladolid... en la solemne apertura del curso de 1889 á 1890 / por Nicolás de la Fuente Arrimadas</subfield>
</datafield>
</record></metadata></record></GetRecord></OAI-PMH>